[Event "Summer Prague Open 2019 - B"]
[Site "Olympik hotel, Sokolovska 138,"]
[Date "2019.08.03"]
[Round "2"]
[White "Havlis, Dominik"]
[Black "Jaeger, Andre"]
[Result "0-1"]
[WhiteElo "1654"]
[BlackElo "1897"]
[PlyCount "68"]
[EventDate "2019.08.02"]

1. e4 c5 2. Nf3 Nc6 3. d4 cxd4 4. Nxd4 Nf6 5. Nc3 e5 6. Ndb5 d6 7. Nd5 Nxd5 8.
exd5 Nb8 9. c3 Be7 10. Bd3 O-O 11. O-O a6 12. Na3 f5 13. Re1 Nd7 14. Be3 Bg5
15. Nc4 Bxe3 16. Nxe3 e4 17. Be2 Qg5 18. Nc4 Rf6 19. Qd2 Qh4 20. g3 Qh3 21. Bf1
Qh5 22. Be2 Qg6 23. Qf4 b5 24. Ne3 Ne5 25. a4 Rb8 26. axb5 axb5 27. Ra5 Qe8 28.
Rea1 h6 29. Nc2 g5 30. Qe3 f4 31. Qxe4 Bf5 32. Qb4 Bxc2 33. Bxb5 Qf8 34. Rc1
Nd3 0-1

[Event "Summer Prague Open 2019 - B"]
[Site "Olympik hotel, Sokolovska 138,"]
[Date "2019.08.03"]
[Round "2"]
[White "Bruna, Matous"]
[Black "Klimek, Petr"]
[Result "1/2-1/2"]
[WhiteElo "1640"]
[BlackElo "1852"]
[PlyCount "66"]
[EventDate "2019.08.02"]

1. e4 e5 2. Nf3 Nc6 3. Nc3 Bb4 4. Bb5 d6 5. O-O Nf6 6. d3 h6 7. h3 O-O 8. a3
Bc5 9. Re1 Nd4 10. Bc4 Bd7 11. Be3 c6 12. Bxd4 Bxd4 13. Nxd4 exd4 14. Ne2 c5
15. Nf4 Bc6 16. Nd5 Bxd5 17. Bxd5 Nxd5 18. exd5 Qf6 19. Qf3 Qxf3 20. gxf3 Rfe8
21. c4 Kf8 22. Kg2 Rxe1 23. Rxe1 Re8 24. Kf1 Rxe1+ 25. Kxe1 Ke7 26. f4 Kf6 27.
Ke2 Kf5 28. Kf3 g5 29. fxg5 hxg5 30. Kg3 a5 31. a4 b6 32. Kf3 Kg6 33. Kg3 Kh5
1/2-1/2

[Event "Summer Prague Open 2019 - B"]
[Site "Olympik hotel, Sokolovska 138,"]
[Date "2019.08.03"]
[Round "2"]
[White "Guggenheim, Hans"]
[Black "Plesnivy, Martin"]
[Result "1-0"]
[WhiteElo "1847"]
[BlackElo "1637"]
[PlyCount "79"]
[EventDate "2019.08.02"]

1. d4 d5 2. c4 e6 3. Nf3 Nf6 4. g3 Be7 5. Bg2 O-O 6. O-O c6 7. Qc2 Nbd7 8. Rd1
Ne4 9. Nbd2 Ndf6 10. Ne5 Nd6 11. c5 Nb5 12. Qd3 Nd7 13. Ndf3 Bf6 14. Ng4 Qe7
15. a4 Nc7 16. Bf4 Qd8 17. Nxf6+ Nxf6 18. Bd6 Re8 19. Ne5 Nd7 20. f4 Nxe5 21.
fxe5 b6 22. b4 bxc5 23. dxc5 Rb8 24. b5 Qd7 25. Rdc1 cxb5 26. c6 Qd8 27. axb5
Rb6 28. Rab1 Nxb5 29. Rxb5 Ba6 30. Rcb1 Rxb5 31. Rxb5 Qg5 32. Qb3 Bxb5 33. Qxb5
Qe3+ 34. Kf1 d4 35. Bf3 Qc1+ 36. Kg2 d3 37. Qxd3 g6 38. Qb5 Qg5 39. c7 Ra8 40.
Bxa8 1-0

[Event "Summer Prague Open 2019 - B"]
[Site "Olympik hotel, Sokolovska 138,"]
[Date "2019.08.03"]
[Round "2"]
[White "Mars, Fiona"]
[Black "Hema, Keertana Vemuri"]
[Result "1-0"]
[WhiteElo "1842"]
[BlackElo "1611"]
[PlyCount "109"]
[EventDate "2019.08.02"]

1. Nf3 Nf6 2. e3 e6 3. d4 b6 4. Be2 Bb7 5. O-O Be7 6. b3 O-O 7. Bb2 c5 8. Nbd2
d5 9. Ne5 Nbd7 10. Ndf3 Ne4 11. Bb5 Nxe5 12. Nxe5 a6 13. Bc6 Qc7 14. Bxb7 Qxb7
15. f3 Nd6 16. Qe2 f6 17. Nd3 c4 18. Nf2 Rac8 19. e4 c3 20. Ba3 b5 21. Nd3 Nf7
22. Bxe7 Qxe7 23. exd5 Qa7 24. dxe6 Qxd4+ 25. Qf2 Qxf2+ 26. Rxf2 Ng5 27. Re2
Rfe8 28. Rae1 Rc6 29. f4 Rcxe6 30. Rxe6 Nxe6 31. f5 Nc7 32. Rxe8+ Nxe8 33. Nb4
a5 34. Nc6 Nd6 35. g4 Nb7 36. a3 Kf7 37. b4 axb4 38. axb4 g6 39. Kf2 gxf5 40.
gxf5 Nd6 41. Nd4 Kg7 42. Ke3 Kh6 43. Kd3 Kg5 44. Kxc3 Nxf5 45. Nxb5 Ne3 46. Nd4
f5 47. b5 Kf4 48. Kd3 Ng4 49. b6 Ne5+ 50. Ke2 Nd7 51. b7 Nb8 52. Kd3 Ke5 53. c4
h6 54. c5 Kd5 55. c6 1-0

[Event "Summer Prague Open 2019 - B"]
[Site "Olympik hotel, Sokolovska 138,"]
[Date "2019.08.03"]
[Round "2"]
[White "Andersen, Carsten"]
[Black "Vora, Tanish"]
[Result "0-1"]
[WhiteElo "1602"]
[BlackElo "1799"]
[PlyCount "94"]
[EventDate "2019.08.02"]

1. e4 e6 2. d4 d5 3. exd5 exd5 4. Bd3 Bd6 5. Nf3 Nf6 6. O-O O-O 7. c3 Bg4 8. h3
Bh5 9. Bg5 Nbd7 10. Nbd2 c6 11. Qc2 Qc7 12. Rfe1 Rfe8 13. Rxe8+ Rxe8 14. Re1
Rxe1+ 15. Nxe1 h6 16. Be3 Kf8 17. Ndf3 Bxf3 18. Nxf3 Bf4 19. Qd2 Bxe3 20. Qxe3
Qb6 21. Qe2 Qa5 22. a3 Nh5 23. Ne5 Nhf6 24. Nxd7+ Nxd7 25. Qg4 Qc7 26. Bf5 Nf6
27. Qf3 Qe7 28. Qf4 Qd8 29. Qe5 Ne8 30. f3 Nd6 31. Bd3 Qe7 32. f4 f6 33. Qxe7+
Kxe7 34. f5 Nc4 35. Bxc4 dxc4 36. Kf2 Kd6 37. Ke3 Kd5 38. Kf4 a5 39. h4 h5 40.
g3 b5 41. Ke3 c5 42. dxc5 Kxc5 43. Ke4 b4 44. cxb4+ axb4 45. a4 b3 46. a5 c3
47. Kd3 cxb2 0-1

[Event "Summer Prague Open 2019 - B"]
[Site "Olympik hotel, Sokolovska 138,"]
[Date "2019.08.03"]
[Round "2"]
[White "Lang, Anders"]
[Black "Novak, Pavel"]
[Result "1/2-1/2"]
[WhiteElo "1790"]
[BlackElo "1568"]
[PlyCount "118"]
[EventDate "2019.08.02"]

1. e4 c5 2. c3 d6 3. d4 cxd4 4. cxd4 Nc6 5. Nf3 g6 6. Nc3 Bg7 7. d5 Ne5 8. Be3
Nxf3+ 9. gxf3 Nf6 10. Bb5+ Bd7 11. O-O O-O 12. Rc1 a6 13. Bxd7 Nxd7 14. Qb3 Ne5
15. Kg2 b5 16. Ne2 Nc4 17. Rc2 Rc8 18. Rfc1 Nxe3+ 19. Qxe3 Rxc2 20. Rxc2 Qa5
21. a3 Qd8 22. b4 a5 23. Qa7 axb4 24. axb4 Re8 25. Rc7 Bf6 26. Nc1 Qb8 27. Qxb8
Rxb8 28. Nb3 Kf8 29. Na5 Rb6 30. f4 h5 31. Rc8+ Kg7 32. Rc6 Rb8 33. Ra6 Bc3 34.
Nc6 Rb7 35. Kf3 Kf6 36. Na5 Rb8 37. Nc6 Rb7 38. Ke2 Kg7 39. Kd3 Bf6 40. e5 dxe5
41. fxe5 Bg5 42. Ra7 Rxa7 43. Nxa7 Bf4 44. Ke4 Bd2 45. d6 exd6 46. exd6 Bxb4
47. d7 f5+ 48. Kd5 Be7 49. Nc6 Bg5 50. d8=Q Bxd8 51. Nxd8 Kf6 52. Kd4 g5 53.
Nc6 g4 54. Ne5 Kg5 55. Nd3 h4 56. Ke5 g3 57. fxg3 hxg3 58. hxg3 Kg4 59. Nf4
Kxg3 1/2-1/2

[Event "Summer Prague Open 2019 - A"]
[Site "Olympik hotel, Sokolovska 138,"]
[Date "2019.08.04"]
[Round "3"]
[White "Qashashvili, Alexandre"]
[Black "Dushyant, Sharma"]
[Result "1-0"]
[WhiteElo "2497"]
[BlackElo "2228"]
[PlyCount "49"]
[EventDate "2019.08.02"]

1. e4 e5 2. Nf3 Nc6 3. Bc4 Bc5 4. c3 Nf6 5. d3 O-O 6. b4 Be7 7. Bb3 a6 8. O-O
d5 9. Qc2 Bg4 10. Nbd2 Qd7 11. h3 dxe4 12. dxe4 Bxh3 13. gxh3 Qxh3 14. Re1 Bxb4
15. cxb4 Qg4+ 16. Kf1 Rad8 17. Ng1 Qh5 18. Qc3 Ng4 19. Bd1 Qg6 20. Bxg4 Qxg4
21. Ndf3 Rfe8 22. a4 Nd4 23. Nxd4 exd4 24. Qxc7 f5 25. e5 1-0

[Event "Summer Prague Open 2019 - A"]
[Site "Olympik hotel, Sokolovska 138,"]
[Date "2019.08.04"]
[Round "3"]
[White "Ahn, Hongjin"]
[Black "Lyrberg, Patrik"]
[Result "1-0"]
[WhiteElo "2238"]
[BlackElo "2457"]
[PlyCount "123"]
[EventDate "2019.08.02"]

1. e4 c6 2. d4 d5 3. exd5 cxd5 4. Bd3 Nc6 5. c3 Nf6 6. h3 g6 7. Nf3 Bf5 8. Bg5
Ne4 9. Bf4 Nd6 10. Be2 f6 11. Qb3 Be6 12. Na3 Bg7 13. h4 Bf7 14. h5 gxh5 15.
Nd2 e5 16. Be3 h4 17. Nf3 O-O 18. O-O-O b5 19. Kb1 e4 20. Nxh4 Rb8 21. Bf4 Rb6
22. Rh3 Be6 23. Rg3 Rf7 24. Nc2 f5 25. Rh1 Kf8 26. Qa3 b4 27. cxb4 Nb5 28. Bxb5
Rxb5 29. Qc3 Ne7 30. Qe3 Ke8 31. Qe2 Qb6 32. a4 Rxb4 33. Nxb4 Qxb4 34. Qc2 Qxd4
35. Rd1 Qc4 36. Qxc4 dxc4 37. Rd6 Bd7 38. b3 c3 39. Rg5 Bf6 40. Rh5 Bxh4 41.
Rxh4 Ng6 42. Rxh7 Rxh7 43. Rxg6 Rh1+ 44. Kc2 Rf1 45. Be3 f4 46. Bd4 e3 47. Rg8+
Kf7 48. Rg7+ Kf8 49. fxe3 Bf5+ 50. e4 Bxe4+ 51. Kxc3 f3 52. Rg4 Bd5 53. Rf4+
Ke8 54. Rf5 Bc6 55. g4 Bd7 56. Rf4 a6 57. g5 Be6 58. Kb4 Rd1 59. g6 Rd3 60. g7
Rxb3+ 61. Kc5 Bf7 62. Re4+ 1-0

[Event "Summer Prague Open 2019 - A"]
[Site "Olympik hotel, Sokolovska 138,"]
[Date "2019.08.04"]
[Round "3"]
[White "Koustav, Chatterjee"]
[Black "Breivik, Lars"]
[Result "1-0"]
[WhiteElo "2429"]
[BlackElo "2158"]
[PlyCount "49"]
[EventDate "2019.08.02"]

1. Nf3 g6 2. e4 Bg7 3. d4 d6 4. h3 Nf6 5. Nc3 c6 6. a4 O-O 7. Be3 Nbd7 8. Be2
e5 9. dxe5 dxe5 10. Nd2 Qe7 11. Nc4 Nc5 12. Qd6 Qxd6 13. Nxd6 Ne6 14. Bc4 Nd4
15. O-O-O Be6 16. Bxe6 Nxe6 17. Nxb7 Nd4 18. f4 Bh6 19. Rd3 Nh5 20. fxe5 Bxe3+
21. Rxe3 Ne6 22. Na5 c5 23. Nd5 Nhf4 24. Re2 Kg7 25. Nc4 1-0

[Event "Summer Prague Open 2019 - A"]
[Site "Olympik hotel, Sokolovska 138,"]
[Date "2019.08.04"]
[Round "3"]
[White "Kulhanek, Tomas"]
[Black "Yakimenko, Alexander A"]
[Result "1/2-1/2"]
[WhiteElo "2342"]
[BlackElo "2100"]
[PlyCount "47"]
[EventDate "2019.08.02"]

1. e4 e6 2. d4 d5 3. e5 c5 4. c3 Nc6 5. Nf3 Qb6 6. Be2 cxd4 7. cxd4 Bb4+ 8. Nc3
Nge7 9. O-O Nf5 10. Na4 Qd8 11. a3 Be7 12. g4 Nh6 13. h3 O-O 14. b4 Kh8 15. Be3
a6 16. Kh1 Ng8 17. Nd2 b5 18. Nc5 Bxc5 19. bxc5 Bd7 20. g5 Nge7 21. Bd3 Nf5 22.
Qg4 Qa5 23. Nf3 Nce7 24. Rfc1 1/2-1/2

[Event "Summer Prague Open 2019 - A"]
[Site "Olympik hotel, Sokolovska 138,"]
[Date "2019.08.04"]
[Round "3"]
[White "Vokac, Marek"]
[Black "Srinivasa Rao, M."]
[Result "1-0"]
[WhiteElo "2319"]
[BlackElo "2090"]
[PlyCount "48"]
[EventDate "2019.08.02"]

1. c4 Nf6 2. Nc3 c5 3. e4 d6 4. g3 Nc6 5. Bg2 g6 6. Nge2 Bg7 7. O-O O-O 8. d3
a6 9. h3 Rb8 10. f4 Ne8 11. Be3 Nd4 12. Rb1 Nc7 13. b4 b5 14. bxc5 dxc5 15. e5
Be6 16. Ne4 bxc4 17. Rxb8 Qxb8 18. Nxc5 Nxe2+ 19. Qxe2 cxd3 20. Qxd3 Bxa2 21.
Nd7 Rd8 22. Rd1 Rxd7 23. Qxd7 Bf8 24. Qd8 Qxd8 1-0

[Event "Summer Prague Open 2019 - A"]
[Site "Olympik hotel, Sokolovska 138,"]
[Date "2019.08.04"]
[Round "3"]
[White "Skalsky, Alexandr"]
[Black "Adrian, Claude"]
[Result "1/2-1/2"]
[WhiteElo "2128"]
[BlackElo "2258"]
[PlyCount "43"]
[EventDate "2019.08.02"]

1. e4 e6 2. d4 d5 3. Nc3 Bb4 4. e5 Ne7 5. Bd2 b6 6. Nce2 Bxd2+ 7. Qxd2 Ba6 8.
h4 c5 9. O-O-O Nbc6 10. h5 cxd4 11. h6 gxh6 12. Nf3 Qc7 13. Nexd4 Bxf1 14.
Rdxf1 Nxd4 15. Qxd4 Rc8 16. Qa4+ Qd7 17. Qxd7+ Kxd7 18. Rxh6 Rcg8 19. g3 Nf5
20. Rh3 Ke7 21. Rfh1 h6 22. Nh4 1/2-1/2

[Event "Summer Prague Open 2019 - A"]
[Site "Olympik hotel, Sokolovska 138,"]
[Date "2019.08.04"]
[Round "3"]
[White "Henriksen, Geir"]
[Black "Ondersteijn, Niels"]
[Result "0-1"]
[WhiteElo "2154"]
[BlackElo "2397"]
[PlyCount "46"]
[EventDate "2019.08.02"]

1. c4 c5 2. g3 g6 3. Bg2 Bg7 4. Nc3 Nc6 5. Nf3 d6 6. O-O e5 7. d3 Nge7 8. a3
O-O 9. Rb1 a5 10. Ne1 Be6 11. Nc2 d5 12. cxd5 Nxd5 13. Nxd5 Bxd5 14. Bxd5 Qxd5
15. a4 Rfd8 16. Bg5 Rd7 17. Ne3 Qe6 18. Nc2 Re8 19. Be3 e4 20. Bxc5 Rd5 21. Be3
Qh3 22. f4 exf3 23. exf3 Ne5 0-1

[Event "Summer Prague Open 2019 - A"]
[Site "Olympik hotel, Sokolovska 138,"]
[Date "2019.08.04"]
[Round "3"]
[White "Mikes, Jan"]
[Black "Tejaswini, Sagar"]
[Result "1-0"]
[WhiteElo "2386"]
[BlackElo "2132"]
[PlyCount "61"]
[EventDate "2019.08.02"]

1. d4 Nf6 2. Bf4 g6 3. Nc3 d5 4. e3 Bg7 5. h4 O-O 6. h5 c5 7. hxg6 fxg6 8. dxc5
Qa5 9. Qd2 Qxc5 10. O-O-O Nc6 11. Na4 Qb4 12. Qxb4 Nxb4 13. a3 Nc6 14. f3 b6
15. Nc3 Rd8 16. g4 d4 17. Bc4+ e6 18. Nb5 a6 19. Nc7 Ra7 20. Bxe6+ Kh8 21. exd4
Nxd4 22. Bxc8 Rxc8 23. Rxd4 Ne8 24. Ne6 Bxd4 25. Nxd4 Kg8 26. Nge2 Rf7 27. Be5
Nc7 28. Nc3 Rd8 29. Ne4 Nd5 30. c4 Ne3 31. Nf6+ 1-0

[Event "Summer Prague Open 2019 - A"]
[Site "Olympik hotel, Sokolovska 138,"]
[Date "2019.08.04"]
[Round "3"]
[White "Yagupov, Igor"]
[Black "Dobes, Dusan"]
[Result "1-0"]
[WhiteElo "2370"]
[BlackElo "2117"]
[PlyCount "61"]
[EventDate "2019.08.02"]

1. Nf3 d5 2. d4 e6 3. c4 c6 4. Nc3 dxc4 5. e3 b5 6. a4 Bb4 7. Bd2 a5 8. axb5
Bxc3 9. Bxc3 cxb5 10. b3 Bb7 11. bxc4 b4 12. Bb2 Nf6 13. Bd3 O-O 14. O-O Nbd7
15. Qc2 Qc7 16. Nd2 e5 17. c5 exd4 18. Bxd4 Rfc8 19. Rfc1 Qc6 20. f3 a4 21. Bf5
b3 22. Qb2 Qd5 23. e4 Qc6 24. e5 Qd5 25. Nc4 Rxc5 26. Bxc5 Qxc5+ 27. Kh1 Nxe5
28. Nxe5 a3 29. Rxc5 axb2 30. Rxa8+ Ne8 31. Rxe8# 1-0

[Event "Summer Prague Open 2019 - A"]
[Site "Olympik hotel, Sokolovska 138,"]
[Date "2019.08.04"]
[Round "3"]
[White "Slacky, Stanislav"]
[Black "Vavra, Pavel"]
[Result "0-1"]
[WhiteElo "2134"]
[BlackElo "2347"]
[PlyCount "62"]
[EventDate "2019.08.02"]

1. b3 d5 2. Bb2 Bg4 3. Nf3 Bd7 4. g3 c5 5. Bg2 e6 6. O-O Nf6 7. d4 cxd4 8. Bxd4
Bd6 9. Nbd2 O-O 10. c4 e5 11. Bb2 d4 12. Ne1 Qb6 13. c5 Bxc5 14. Nc4 Qa6 15.
Nd3 Re8 16. Rc1 Bf8 17. h3 Bf5 18. f4 e4 19. Nde5 Nbd7 20. Nxd7 Nxd7 21. Ne5
Nxe5 22. fxe5 Qxa2 23. Rxf5 Qxb2 24. Bxe4 Rac8 25. Rxc8 Rxc8 26. Rf1 Rc5 27.
Qd3 Rc3 28. Bxh7+ Kh8 29. Qe4 Rxg3+ 30. Kh2 Re3 31. Qg4 Qxe2+ 0-1

[Event "Summer Prague Open 2019 - A"]
[Site "Olympik hotel, Sokolovska 138,"]
[Date "2019.08.04"]
[Round "3"]
[White "Beukes, Dante M"]
[Black "Domogaev, Sergey"]
[Result "0-1"]
[WhiteElo "2130"]
[BlackElo "2336"]
[PlyCount "64"]
[EventDate "2019.08.02"]

1. e4 a6 2. d4 c5 3. dxc5 e6 4. Be3 Qc7 5. Nc3 Bxc5 6. Bxc5 Qxc5 7. Qg4 g6 8.
Nf3 Nc6 9. Bd3 b5 10. O-O d6 11. Rad1 Ne5 12. Nxe5 dxe5 13. a4 b4 14. Na2 Ne7
15. c3 bxc3 16. Rc1 O-O 17. Rxc3 Qb6 18. Rfc1 Ra7 19. b4 Rd7 20. b5 Rd4 21. Qh4
Qd6 22. Be2 f6 23. Rh3 Rf7 24. Rf3 f5 25. Nc3 Bb7 26. Qh6 a5 27. Rf1 Qb6 28.
Rd3 fxe4 29. Rdd1 Nf5 30. Qg5 Kg7 31. Rfe1 h6 32. Qg4 e3 0-1

[Event "Summer Prague Open 2019 - A"]
[Site "Olympik hotel, Sokolovska 138,"]
[Date "2019.08.04"]
[Round "3"]
[White "Hrdina, Robin"]
[Black "Radovic, Stefan"]
[Result "1-0"]
[WhiteElo "2229"]
[BlackElo "2039"]
[PlyCount "53"]
[EventDate "2019.08.02"]

1. e4 c5 2. c3 g6 3. d4 cxd4 4. cxd4 d5 5. e5 Bg7 6. Nc3 Nc6 7. Bf4 f6 8. exf6
Nxf6 9. Bb5 O-O 10. Nge2 a6 11. Bxc6 bxc6 12. O-O Nh5 13. Bg5 Qd6 14. Qd2 e5
15. dxe5 Bxe5 16. Ng3 Nf4 17. Rfe1 Bd7 18. Rad1 Rae8 19. Nce4 Qc7 20. Nc5 Bc8
21. Bh6 Rf7 22. b4 Rd8 23. a3 Rd6 24. Qe3 Bg7 25. Nge4 Be5 26. Ng5 Rf5 27. Qd2
1-0

[Event "Summer Prague Open 2019 - A"]
[Site "Olympik hotel, Sokolovska 138,"]
[Date "2019.08.04"]
[Round "3"]
[White "Soural, Jan"]
[Black "Tesar, Jan"]
[Result "1-0"]
[WhiteElo "2206"]
[BlackElo "2038"]
[PlyCount "43"]
[EventDate "2019.08.02"]

1. d4 d5 2. c4 e5 3. dxe5 d4 4. Nf3 Nc6 5. a3 a5 6. Nbd2 Nge7 7. Nb3 Be6 8. e3
dxe3 9. Bxe3 Ng6 10. Nbd4 Ncxe5 11. Nxe5 Nxe5 12. Nxe6 fxe6 13. Qh5+ Nf7 14.
Qb5+ Qd7 15. Qxb7 Rd8 16. Be2 Bd6 17. c5 O-O 18. cxd6 Rb8 19. Qxc7 Qa4 20. Rc1
Rxb2 21. Bc4 Qxa3 22. O-O 1-0

[Event "Summer Prague Open 2019 - A"]
[Site "Olympik hotel, Sokolovska 138,"]
[Date "2019.08.04"]
[Round "3"]
[White "Brejnik, Gustav"]
[Black "Longo, Tyler"]
[Result "1-0"]
[WhiteElo "2190"]
[BlackElo "1951"]
[PlyCount "63"]
[EventDate "2019.08.02"]

1. d4 d5 2. c4 dxc4 3. e4 e5 4. Nf3 exd4 5. Bxc4 Nc6 6. O-O Be6 7. Bxe6 fxe6 8.
Qb3 Qd7 9. Qxb7 Rb8 10. Qa6 Bd6 11. a3 Nge7 12. b4 O-O 13. Nbd2 Ng6 14. Bb2 e5
15. Qc4+ Kh8 16. Ne1 Nce7 17. g3 Qh3 18. f3 Rf6 19. Rf2 Nf8 20. Nd3 Ne6 21. Kh1
Rbf8 22. Raf1 Rg6 23. Rg1 h5 24. Rff1 Ng5 25. f4 exf4 26. e5 Bxe5 27. Nxe5 Re6
28. Bxd4 Nf5 29. gxf4 Ne3 30. Bxe3 Qxe3 31. Rxg5 Rxf4 32. Rxh5+ 1-0

[Event "Summer Prague Open 2019 - A"]
[Site "Olympik hotel, Sokolovska 138,"]
[Date "2019.08.04"]
[Round "3"]
[White "Sindler, Michal"]
[Black "Pick, Stepan"]
[Result "1-0"]
[WhiteElo "2160"]
[BlackElo "2028"]
[PlyCount "47"]
[EventDate "2019.08.02"]

1. e4 d6 2. d4 Nf6 3. Nc3 g6 4. Be3 Bg7 5. Qd2 c6 6. Nf3 O-O 7. Bh6 Bg4 8. h4
b5 9. Bd3 Qb6 10. h5 Bxf3 11. Bxg7 Kxg7 12. e5 Nxh5 13. gxf3 Rh8 14. Rxh5 gxh5
15. Qg5+ Kf8 16. exd6 Qd8 17. Qh6+ Ke8 18. Qg7 Rf8 19. dxe7 Qxe7+ 20. Kf1 Kd7
21. Re1 Qd8 22. Ne4 Kc7 23. Qe5+ Kb7 24. Nd6+ 1-0

[Event "Summer Prague Open 2019 - A"]
[Site "Olympik hotel, Sokolovska 138,"]
[Date "2019.08.04"]
[Round "3"]
[White "Unander, Matts"]
[Black "Plischki, Sebastian"]
[Result "0-1"]
[WhiteElo "2017"]
[BlackElo "2391"]
[PlyCount "50"]
[EventDate "2019.08.02"]

1. d4 g6 2. Nf3 Bg7 3. g3 Nf6 4. Bg2 O-O 5. O-O c6 6. c4 d6 7. Nc3 Bf5 8. Nh4
Be6 9. d5 cxd5 10. cxd5 Bd7 11. Be3 Na6 12. Qd2 Qa5 13. Bh6 Rfc8 14. Bxg7 Kxg7
15. Nf3 Nc5 16. Nd4 Na4 17. Nb3 Qb4 18. Nxa4 Qxd2 19. Nxd2 Rc2 20. Nc3 Rxd2 21.
Rab1 b5 22. b4 a5 23. Rfc1 axb4 24. Rxb4 Rc8 25. e4 Rxc3 0-1

[Event "Summer Prague Open 2019 - A"]
[Site "Olympik hotel, Sokolovska 138,"]
[Date "2019.08.04"]
[Round "3"]
[White "Aronsson, Marten"]
[Black "Rokos, Filip"]
[Result "1/2-1/2"]
[WhiteElo "2269"]
[BlackElo "2015"]
[PlyCount "60"]
[EventDate "2019.08.02"]

1. d4 e6 2. Nf3 Nf6 3. g3 d5 4. Bg2 b5 5. Qd3 a6 6. a4 b4 7. Bg5 Be7 8. Nbd2
Bb7 9. Bxf6 Bxf6 10. Nb3 Bc8 11. Nfd2 O-O 12. O-O a5 13. Rfe1 Nd7 14. c4 bxc3
15. Qxc3 Bb7 16. e3 c6 17. Nc5 Nxc5 18. Qxc5 Be7 19. Qc2 Qb6 20. Rec1 Rfc8 21.
Nb3 Ba6 22. Rab1 Rab8 23. Nc5 Bxc5 24. dxc5 Qb3 25. Bf1 Bxf1 26. Kxf1 Qxc2 27.
Rxc2 Rb3 28. Rc3 Rb4 29. Ra3 Rcb8 30. b3 Rf8 1/2-1/2

[Event "Summer Prague Open 2019 - A"]
[Site "Olympik hotel, Sokolovska 138,"]
[Date "2019.08.04"]
[Round "3"]
[White "Slampa, Jan"]
[Black "Lacina, Filip"]
[Result "1-0"]
[WhiteElo "2245"]
[BlackElo "2012"]
[PlyCount "79"]
[EventDate "2019.08.02"]

1. d4 f5 2. Nf3 g6 3. g3 Bg7 4. Bg2 Nf6 5. O-O O-O 6. Re1 c6 7. Nbd2 Ne4 8. c3
Qe8 9. Ne5 Nxd2 10. Bxd2 d6 11. Nd3 e5 12. dxe5 dxe5 13. e4 f4 14. gxf4 exf4
15. Bxf4 Na6 16. Bd6 Be6 17. Bxf8 Qxf8 18. Qc2 Nc5 19. Nxc5 Qxc5 20. e5 Rf8 21.
b4 Qe7 22. Rad1 Bh6 23. Rd3 Qh4 24. Rg3 Bf4 25. a3 g5 26. Qd3 g4 27. Qd6 Kf7
28. Qd4 Qg5 29. Qxa7 Kg8 30. Qc5 h5 31. Qd6 Re8 32. Re4 h4 33. Rxf4 Qxf4 34.
Re3 Kh8 35. Qd4 Qg5 36. c4 Rd8 37. Qc3 h3 38. Bf1 Rf8 39. Qd2 Rd8 40. Rxh3+ 1-0

[Event "Summer Prague Open 2019 - A"]
[Site "Olympik hotel, Sokolovska 138,"]
[Date "2019.08.04"]
[Round "3"]
[White "Fuchs, Georg"]
[Black "Farine, Jonathan"]
[Result "1-0"]
[WhiteElo "2215"]
[BlackElo "1993"]
[PlyCount "45"]
[EventDate "2019.08.02"]

1. e4 e5 2. Nf3 Nc6 3. Bc4 Nf6 4. d3 d5 5. exd5 Nxd5 6. O-O Bc5 7. c3 Bg4 8. h3
Bh5 9. Nbd2 O-O 10. Ne4 Bb6 11. b4 a6 12. a4 Kh8 13. Ra3 Re8 14. Re1 f6 15. Ng3
Bf7 16. Nh4 Qd7 17. Nhf5 Be6 18. Qf3 Nce7 19. Nxg7 Kxg7 20. Nh5+ Kg6 21. Bxd5
Bxd5 22. Qg3+ Kxh5 23. Rxe5+ 1-0

[Event "Summer Prague Open 2019 - B"]
[Site "Olympik hotel, Sokolovska 138,"]
[Date "2019.08.04"]
[Round "3"]
[White "Atnilov, Boris"]
[Black "Westendorp, Christian"]
[Result "1-0"]
[WhiteElo "2053"]
[BlackElo "1774"]
[PlyCount "131"]
[EventDate "2019.08.02"]

1. e4 d6 2. d4 g6 3. Nc3 Bg7 4. f4 Nf6 5. Nf3 O-O 6. h3 c5 7. Be3 b6 8. Qd2 Bb7
9. d5 e6 10. O-O-O exd5 11. exd5 Na6 12. Bxa6 Bxa6 13. f5 b5 14. Bh6 b4 15.
Bxg7 Kxg7 16. Na4 Qd7 17. fxg6 hxg6 18. b3 Bb5 19. Nb2 Ne4 20. Qe3 Rae8 21. g4
Nc3 22. Qg5 Nxa2+ 23. Kb1 Nc3+ 24. Ka1 Nxd1 25. Nxd1 Qe7 26. Qf4 Qf6+ 27. Qxf6+
Kxf6 28. g5+ Kg7 29. Nf2 f5 30. h4 Re2 31. Nh3 Rxc2 32. Nf4 Bd7 33. h5 gxh5 34.
Nxh5+ Kf7 35. Nf6 Ke7 36. Rh7+ Kd8 37. Rxd7+ Kc8 38. Rxd6 Rh8 39. Rc6+ Kb7 40.
Ne1 Rc1+ 41. Kb2 Rxe1 42. Kc2 Rh2+ 43. Kd3 Rc1 44. Ke3 Rc3+ 45. Kf4 Rf2+ 46.
Ke5 a5 47. Nd7 c4 48. bxc4 b3 49. g6 b2 50. Nc5+ Ka7 51. Ra6+ Kb8 52. Rb6+ Kc8
53. d6 b1=Q 54. Rxb1 Rd2 55. g7 Rg3 56. Ne6 Re2+ 57. Kf6 Rxe6+ 58. Kxe6 Rxg7
59. c5 f4 60. c6 Rg6+ 61. Ke7 Rg7+ 62. Kf6 Rh7 63. d7+ Kc7 64. Rb8 Rh6+ 65. Kg5
Rd6 66. Rc8+ 1-0

[Event "Summer Prague Open 2019 - B"]
[Site "Olympik hotel, Sokolovska 138,"]
[Date "2019.08.04"]
[Round "3"]
[White "Korenek, Frantisek"]
[Black "Lee, Zhia Chen Zachary"]
[Result "1/2-1/2"]
[WhiteElo "1956"]
[BlackElo "1747"]
[PlyCount "81"]
[EventDate "2019.08.02"]

1. c4 c6 2. Nf3 d5 3. e3 Nf6 4. d4 Bg4 5. Nc3 e6 6. h3 Bxf3 7. Qxf3 Nbd7 8. g4
Be7 9. Bd3 dxc4 10. Bxc4 Nd5 11. a3 Nxc3 12. bxc3 Rc8 13. O-O b5 14. Bb3 O-O
15. e4 c5 16. Rd1 cxd4 17. cxd4 Qc7 18. Bb2 Nb6 19. Rac1 Nc4 20. Rc2 Qb6 21.
Bc1 Na5 22. d5 Nxb3 23. Qxb3 exd5 24. Rxd5 Rxc2 25. Qxc2 Rd8 26. Bb2 h6 27. Qd2
Rxd5 28. exd5 Qd6 29. Kg2 f6 30. Qd3 a6 31. Qf5 Bd8 32. Qe6+ Qxe6 33. dxe6 Bc7
34. Kf3 Kf8 35. Ke4 Ke7 36. Kd5 Bd6 37. Bc1 g5 38. Bb2 b4 39. axb4 Bxb4 40. f3
a5 41. Bd4 1/2-1/2

[Event "Summer Prague Open 2019 - B"]
[Site "Olympik hotel, Sokolovska 138,"]
[Date "2019.08.04"]
[Round "3"]
[White "Aure, Anders Nilsson"]
[Black "Soural, Karel"]
[Result "1/2-1/2"]
[WhiteElo "1742"]
[BlackElo "1923"]
[PlyCount "59"]
[EventDate "2019.08.02"]

1. c4 e5 2. Nc3 Nf6 3. g3 Nc6 4. Bg2 Be7 5. Nf3 O-O 6. O-O d6 7. d3 h6 8. Rb1
a5 9. a3 Be6 10. b4 axb4 11. axb4 Qd7 12. Bd2 e4 13. Ne1 exd3 14. exd3 Bh3 15.
Nf3 Bxg2 16. Kxg2 Ne5 17. Bf4 Ng6 18. Qd2 Ra3 19. Nb5 Nxf4+ 20. Qxf4 Ra6 21.
Ra1 Rfa8 22. Rxa6 Rxa6 23. Qd2 c6 24. Nbd4 Nh5 25. b5 Ra8 26. bxc6 bxc6 27. Rb1
c5 28. Nb5 Rb8 29. Nc3 Rxb1 30. Nxb1 1/2-1/2

[Event "Summer Prague Open 2019 - B"]
[Site "Olympik hotel, Sokolovska 138,"]
[Date "2019.08.04"]
[Round "3"]
[White "Jaeger, Andre"]
[Black "Vora, Yash"]
[Result "1/2-1/2"]
[WhiteElo "1897"]
[BlackElo "1731"]
[PlyCount "34"]
[EventDate "2019.08.02"]

1. d4 f5 2. Bg5 h6 3. Bh4 g5 4. e3 Nf6 5. Bg3 d6 6. Bd3 Nc6 7. d5 Nb4 8. Bc4
Bg7 9. c3 Na6 10. Nd2 Nc5 11. Ne2 e5 12. dxe6 Bxe6 13. Nd4 Bxc4 14. Nxc4 Qd7
15. Qc2 Nfe4 16. O-O-O O-O-O 17. Ne2 Qf7 1/2-1/2